Essentials of clinical cardiology / (Record no. 7988)
[ view plain ]
| 000 -LEADER | |
|---|---|
| fixed length control field | 01037cam a2200313 a 4500 |
| 001 - CONTROL NUMBER | |
| control field | 2452449 |
| 003 - CONTROL NUMBER IDENTIFIER | |
| control field | OSt |
| 005 - DATE AND TIME OF LATEST TRANSACTION | |
| control field | 20220819121853.0 |
| 008 - FIXED-LENGTH DATA ELEMENTS--GENERAL INFORMATION | |
| fixed length control field | 890608s1990 paua b 001 0 eng c |
| 010 ## - LIBRARY OF CONGRESS CONTROL NUMBER | |
| LC control number | 89012511 |
| 020 ## - INTERNATIONAL STANDARD BOOK NUMBER | |
| International Standard Book Number | 0397508786 : |
| Terms of availability | $49.95 |
| 040 ## - CATALOGING SOURCE | |
| Original cataloging agency | DNLM/DLC |
| Transcribing agency | DLC |
| Modifying agency | DLC |
| 050 00 - LIBRARY OF CONGRESS CALL NUMBER | |
| Classification number | RC681 |
| Item number | .G568 1990 |
| 060 ## - NATIONAL LIBRARY OF MEDICINE CALL NUMBER | |
| Classification number | WG 100 G618t |
| 082 00 - DEWEY DECIMAL CLASSIFICATION NUMBER | |
| Classification number | WG100G618t 1990. |
| 100 0# - MAIN ENTRY--PERSONAL NAME | |
| Personal name | Goldberger, Emanuel, |
| Dates associated with a name | 1913- |
| 9 (RLIN) | 16220 |
| 245 10 - TITLE STATEMENT | |
| Title | Essentials of clinical cardiology / |
| Statement of responsibility, etc. | Emanuel Goldberger. |
| 260 ## - PUBLICATION, DISTRIBUTION, ETC. (IMPRINT) | |
| Place of publication, distribution, etc. | Philadelphia : |
| Name of publisher, distributor, etc. | Lippincott, |
| Date of publication, distribution, etc. | c1990. |
| 300 ## - PHYSICAL DESCRIPTION | |
| Extent | x, 433 p. : |
| Other physical details | ill. ; |
| Dimensions | 25 cm. |
| 500 ## - GENERAL NOTE | |
| General note | Rev. ed. of: Textbook of clinical cardiology / [edited by] Emanuel Goldberger. 1982. |
| 504 ## - BIBLIOGRAPHY, ETC. NOTE | |
| Bibliography, etc | Includes bibliographies and index. |
| 650 #0 - SUBJECT ADDED ENTRY--TOPICAL TERM | |
| Topical term or geographic name as entry element | Heart |
| General subdivision | Diseases. |
| 9 (RLIN) | 3033 |
| 650 #0 - SUBJECT ADDED ENTRY--TOPICAL TERM | |
| Topical term or geographic name as entry element | Cardiology. |
| 9 (RLIN) | 3034 |
| 650 #2 - SUBJECT ADDED ENTRY--TOPICAL TERM | |
| Topical term or geographic name as entry element | Cardiovascular Diseases. |
| 9 (RLIN) | 3035 |
| 730 0# - ADDED ENTRY--UNIFORM TITLE | |
| Uniform title | Textbook of clinical cardiology. |
| 9 (RLIN) | 16221 |
| 740 0# - ADDED ENTRY--UNCONTROLLED RELATED/ANALYTICAL TITLE | |
| Uncontrolled related/analytical title | Clinical cardiology. |
| 906 ## - LOCAL DATA ELEMENT F, LDF (RLIN) | |
| a | 7 |
| b | cbc |
| c | orignew |
| d | 1 |
| e | ocip |
| f | 19 |
| g | y-gencatlg |
| 942 ## - ADDED ENTRY ELEMENTS (KOHA) | |
| Source of classification or shelving scheme | Other/Generic Classification Scheme |
| Koha item type | Open Shelf |
| Withdrawn status | Lost status | Source of classification or shelving scheme | Damaged status | Not for loan | Home library | Current library | Date acquired | Source of acquisition | Inventory number | Total Checkouts | Full call number | Barcode | Date last seen | Price effective from | Koha item type |
|---|---|---|---|---|---|---|---|---|---|---|---|---|---|---|---|
| Other/Generic Classification Scheme | MUST Main Library | MUST Main Library | 19/08/2022 | Purchase | 10301 | WG100G618t 1990. | 2022-7907 | 19/08/2022 | 19/08/2022 | Open Shelf | |||||
| Other/Generic Classification Scheme | MUST Main Library | MUST Main Library | 19/08/2022 | Purchase | 9711622 | WG100G618t 1990. | 2022-7908 | 19/08/2022 | 19/08/2022 | Open Shelf | |||||
| Dewey Decimal Classification | MUST Main Library | MUST Main Library | 19/08/2022 | Purchase | 97/10424 | WG100G618t 1990. | 2022-7909 | 19/08/2022 | 19/08/2022 | Open Shelf | |||||
| Dewey Decimal Classification | MUST Main Library | MUST Main Library | 19/08/2022 | Purchase | 103000 | WG100G618t 1990. | 2022-7910 | 19/08/2022 | 19/08/2022 | Open Shelf | |||||
| Other/Generic Classification Scheme | MUST Main Library | MUST Main Library | 19/08/2022 | Donation | 971037 | WG100G618t 1990. | 2022-7911 | 19/08/2022 | 19/08/2022 | Open Shelf |
